[Event "Motor City op"]
[Site "Warren"]
[Date "2000.11.25"]
[Round "3"]
[White "McNair, Shaun"]
[Black "Moroney, Danielle"]
[Result "1-0"]
[WhiteElo "1392"]
[BlackElo "354"]
[PlyCount "49"]
[EventDate "2000.11.24"]
[EventType "swiss"]
[EventRounds "7"]
[EventCountry "USA"]
[SourceTitle "EXT 2009"]
[Source "ChessBase"]
[SourceDate "2008.11.26"]
[SourceVersion "1"]
[SourceVersionDate "2008.11.26"]
[SourceQuality "1"]

1. e4 e5 2. f4 Nc6 3. Nf3 d6 4. Bc4 Nd4 5. 0-0 Nxf3+ 6. Qxf3 Nf6 7. fxe5 dxe5 8. Nc3 Bc5+ 9. Kh1 Bg4 10. Qg3 Qd7 11. Qxe5+ Qe7 12. Qxe7+ Bxe7 13. d3 0-0 14. Nd5 Be2 15. Nxe7+ Kh8 16. Rf2 Bd1 17. Bg5 Bxc2 18. Rxf6 h6 19. Bxh6 gxh6 20. Rxh6+ Kg7 21. Nf5+ Kg8 22. Rf1 Rfd8 23. Rf4 Bxd3 24. Rg4+ Kf8 25. Rh8# 1-0